Evkaf'ın Kıbrıs Türklerine devri / (Record no. 15046)

MARC details
000 -BAŞLIK
Sabit Uzunlukta Kontrol Alanı 00612nam a22002057a 4500
999 ## - SİSTEM KONTROL NUMARALARI (KOHA)
Koha Biblionumber 15046
Koha Biblioitemnumber 15046
003 - KONTROL NUMARASI IDENTIFIER
Denetim Alanı MIRAKIL
005 - SON İŞLEM TARİHİ VE ZAMANI
Denetim Alanı 20221020160810.0
008 - SABİT-BOY VERİ ELEMANLARI - GENEL BİLGİLER
Sabit Uzunlukta Kontrol Alanı 221020b tu ||||| |||| 00| 0 tur d
020 ## - ULUSLARARASI STANDART KİTAP NUMARASI
Uluslararası Standart Kitap Numarası 9789963227655
040 ## - KATALOGLAMA KAYNAK
Orijinal Kataloglama Ajansı TR-AnCHP
Kataloglama Dili tur
Metne Dönüştürmek Ajansı TR-AnCHP
082 ## - DEWEY ONLU SINIFLANDIRMA NUMARASI
Sınıflandırma Numarası 956.93
Ürün Numarası K91e 2020
100 ## - ANA GİRİŞ - KİŞİSEL İSİM
Kişisel Ad Küçük, Fazıl
245 ## - BAŞLIK TABLOSU
Başlık Evkaf'ın Kıbrıs Türklerine devri /
Sorumluluk Tablosu, Vb Fazıl Küçük
250 ## - EDITION TABLOSU
Baskı Beyanı 2. bs.
260 ## - YAYIN, DAĞITIM, VB
Yayın, Dağıtım, Vb Yeri Lefkoşa:
Yayıncı, Dağıtıcı, Vs Adı Dr. Fazıl Küçük Vakfı,
Yayın, Dağıtım, Vb Tarihi 2020.
300 ## - FİZİKSEL TANIM
Kapsam 287 s.:
Diğer Fiziksel Ayrıntıları fotg.;
Boyutlar 21 sm.
650 ## - KONU KATMA GİRİŞ - TOPİKAL DÖNEM
Topikal Süreli Veya Coğrafi Ad Giriş Elemanı Kuzey Kıbrıs Türk Cumhuriyeti (KKTC)
Genel Alt Bölümü Tarih
650 ## - KONU KATMA GİRİŞ - TOPİKAL DÖNEM
Topikal Süreli Veya Coğrafi Ad Giriş Elemanı Tarih
Coğrafi Alt Bölümü Kıbrıs
942 ## - EKLENDİ GİRİŞ ELEMANLARI (KOHA)
Sınıflandırma Veya Raf Düzeni Kaynak Dewey Decimal Classification
Koha Öğesi Türü Books
Holdings
Kalıcı Konum Mevcut Konum Edinme Tarihi Toplam Check-Out'Lar Tam Çağrı Numarası Barkod Tarih Son Görülme İtibaren Geçerli Fiyatlar Koha Öğesi Türü
CHP Kütüphanesi CHP Kütüphanesi 10/20/2022   956.93 K91e 2020 020590 10/20/2022 10/20/2022 Books
Parti Okulu Kütüphanesi Parti Okulu Kütüphanesi 02/29/2024   956.93 K91e 2020 21341 02/29/2024 02/29/2024 Books